Compendio de la historia de España, desde conquista de los romanos hasta la revolucion de la Isla de Leon / por Alf. Rabbe, con una introduccion de F. Bodin. Traducidas al español por Don M. V. M. licenciado

Detalles Bibliográficos
Autor principal: Rabbe, Alphonse
Otros Autores: Bodin, Félix, com
Formato: Libro
Lenguaje:Spanish
Publicado: Madrid : Hállase tambien en la librería de Rosa ; en Paris : Gran Patio del Palacio Real, 1824.
Materias:
Colección:Banco de datos
Acervo:Universidad Autónoma Benito Juárez de Oaxaca. Biblioteca Francisco de Burgoa. Colección histórica
Descripción Física:2 t. ; 16.5 cm.
Tema general:Historia civil
Notas:Portada tipográfica. Texto a renglón seguido con paginación en números arábigos y romanos, notas a pie de página y signaturas. Cada tomo con portada y numeración propias. Año de los t. 1-2 publicados en 1824. Paginación: t. 1 XXIV, 359 p.; t. 2 324 p., [1] h. Encuadernación en piel sobre cartón (17008, 17009). Marca de fuego: Casa del Noviciado de la Compañía de Jesús de Oaxaca, Oax. (17008, 17009). Daños en la encuadernación, falta piel del lomo (17008, 17009)
LEADER 01425nam a22001930004500
035 |a 419 
041 0 |a spa 
100 1 |a Rabbe, Alphonse 
245 1 0 |a Compendio de la historia de España, desde conquista de los romanos hasta la revolucion de la Isla de Leon / por Alf. Rabbe, con una introduccion de F. Bodin. Traducidas al español por Don M. V. M. licenciado 
260 |a Madrid : Hállase tambien en la librería de Rosa ; en Paris : Gran Patio del Palacio Real, 1824. 
300 |a 2 t. ; 16.5 cm. 
500 |a Portada tipográfica. Texto a renglón seguido con paginación en números arábigos y romanos, notas a pie de página y signaturas. Cada tomo con portada y numeración propias. Año de los t. 1-2 publicados en 1824. Paginación: t. 1 XXIV, 359 p.; t. 2 324 p., [1] h. Encuadernación en piel sobre cartón (17008, 17009). Marca de fuego: Casa del Noviciado de la Compañía de Jesús de Oaxaca, Oax. (17008, 17009). Daños en la encuadernación, falta piel del lomo (17008, 17009)  
504 |a Al final de cada tomo está el índice de contenido 
650 1 0 |a Historia civil 
700 1 |a Bodin, Félix, com. 
852 |a Universidad Autónoma "Benito Juárez" de Oaxaca, Biblioteca Francisco de Burgoa, Colección histórica t. 1 (17008); t. 2 (17009) 
942 |c BURHIS 
943 |g Universidad Autónoma Benito Juárez de Oaxaca. Biblioteca Francisco de Burgoa. Colección histórica 
999 |c 1118921  |d 1118921